000 00328nam a2200133Ia 4500
008 240624s9999 xx 000 0 und d
041 _aeng
082 _a658.827 KEO
100 _aKEOHANE KEVIN
245 _aBRAND AND TALENT
260 _c2014
_aLondon
_bKogan Page
300 _axvii, : 220 : p. : cm. ; 23
365 _cBPS
_b30
999 _c27658
_d27658